| 000 | 00928nam0a2200289 4500 | ||
|---|---|---|---|
| 001 | RU\NLR\bibl\114958 | ||
| 005 | 20250617093958.0 | ||
| 010 |
_a5-237-04907-9 _bВнешсигма |
||
| 010 |
_a5-237-04845-5 _950000 _bАСТ |
||
| 021 |
_aRU _b2000-26253 _91238 |
||
| 035 | _a(NLR Aleph) 000112561 | ||
| 090 |
_a638909 _c638909 |
||
| 100 | _a20001026d2000 |||y0rusy50 ca | ||
| 101 | 1 |
_arus _cger |
|
| 102 | _aRU | ||
| 105 | _ay ||||||||| | ||
| 200 | 1 |
_aСекреты домашнего консервирования _f[Пер. с нем. Е. Панченко] |
|
| 210 |
_aМ. _cВнешсигма _cАСТ _d2000 |
||
| 215 |
_a388, [2] с. _d11 |
||
| 606 | 0 |
_aДомашнее консервирование _92074062 _3RU\NLR\auth\661249026 |
|
| 686 | _aЛ816.9 | ||
| 801 | 0 |
_aRU _bNLR _c20001026 _gPSBO |
|
| 801 | 1 |
_aRU _bNLR _c20001026 |
|
| 852 |
_aNLR _j72-0/1341 |
||
| 942 | _cBOOK | ||
| 980 | _aNB | ||